000 00403nam a2200169Ia 4500
008 230524s9999 xx 000 0 und d
020 _a9781408824856
082 _bHOS
100 _a"Hosseini, Khaled "
245 4 _aThe Kite Runner
250 _a1
260 _aLondon
_bBloomsbury
_c2011
300 _avii;324 p.
500 _aQuantity Number: 2
650 _aMiscellaneous
_91877
942 _cBK
999 _c52514
_d52514